"Dark Paradise" - All Lyrics (Lana Del Rey) - Statistics

General Stats
  • This quiz has been taken 49 times
  • The average score is 352 of 399
Answer Stats
Lyrics % Correct
a
100%
I
100%
the
100%
you
100%
you)
100%
you,
100%
But
97%
dark
97%
Every
97%
in
97%
my
97%
on
97%
paradise
97%
your
97%
Your
97%
I'm
95%
it
95%
It
95%
me
95%
me,
95%
no
95%
No
95%
tell
95%
Tell
95%
All
92%
And
92%
be
92%
close
92%
eyes
92%
It's
92%
like
92%
move
92%
should
92%
there's
92%
There's
92%
time
92%
Ah,
89%
ah
89%
can
89%
friends
89%
is
89%
singin'
89%
song
89%
that
89%
won't
89%
head
87%
to
87%
when
87%
dead
84%
(Dead
84%
fine
84%
for
84%
how
84%
leave
84%
ocean
84%
one
84%
Tellin'
84%
that's
84%
was
84%
wish
84%
you're
84%
everything
82%
face
82%
here,
82%
here
82%
melody
82%
not
82%
soul
82%
can't
79%
compares
79%
dreams
79%
love,
79%
lyin'
79%
memory
79%
other
79%
remedy
79%
scared
79%
side
79%
stay
79%
this
79%
tonight
79%
waiting
79%
don't
76%
haunting
76%
Oh
76%
oh
76%
oh,
76%
telling
76%
up
76%
wake
76%
wanna
76%
ask
74%
except
74%
from
74%
Lovin'
74%
see
74%
strong
74%
why
74%
feel
71%
forever
71%
sang
71%
touchin'
71%
wrong
71%
Even
68%
lives
68%
relief
68%
true
68%
em
66%
find
66%
played
66%
sleep
66%
we
66%
though
61%
everybody's
55%
release,
50%
rushin'
37%
No matching quizzes found
Score Distribution
Percent of People with Each Score
Percentile by Number Answered
Your Score History
You have not taken this quiz